[Event "Maastricht Limburg op-C 8th"]
[Site "Maastricht"]
[Date "2014.06.09"]
[Round "7"]
[White "Sprong, Ton"]
[Black "Nguyen, Sang"]
[Result "0-1"]
[WhiteElo "1738"]
[BlackElo "1334"]
[PlyCount "134"]
[EventDate "2014.06.06"]
[EventType "swiss"]
[EventRounds "7"]
[EventCountry "NED"]
[SourceTitle "EXT 2015"]
[Source "ChessBase"]
[SourceDate "2014.11.20"]
[SourceVersion "1"]
[SourceVersionDate "2014.11.20"]
[SourceQuality "1"]

1. b4 d5 2. e3 Bf5 3. Bb2 Nf6 4. Nf3 e6 5. b5 c6 6. a4 a6 7. c4 dxc4 8. Bxc4 axb5 9. axb5 Rxa1 10. Bxa1 Bd3 11. Qb3 Bxc4 12. Qxc4 Be7 13. Be5 Bd6 14. 0-0 0-0 15. Rc1 h6 16. h3 Re8 17. d4 Nd5 18. Nbd2 Bxe5 19. Nxe5 f6 20. Nd3 Qa5 21. Nb3 Qxb5 22. Qxb5 cxb5 23. Rc5 Na6 24. Rxb5 b6 25. e4 Nac7 26. Rb4 Nxb4 27. Nxb4 Rd8 28. f3 Nb5 29. d5 exd5 30. Nxd5 Nc3 31. Ne7+ Kf7 32. Nf5 b5 33. Kf2 b4 34. Nfd4 Na4 35. Ke3 Rc8 36. Nb5 Ke7 37. Kd2 Nc3 38. N5d4 g6 39. Kd3 Kd6 40. Na5 Na2 41. Nc4+ Ke7 42. Nb3 Nc3 43. Nbd2 Nb5 44. Nb3 Nd6 45. Ncd2 Rc3+ 46. Kd4 Nb5+ 47. Kd5 Nc7+ 48. Kd4 Ne6+ 49. Kd5 Nf4+ 50. Kd4 Nxg2 51. Nc5 Nf4 52. Nc4 Ne6+ 53. Nxe6 Kxe6 54. Ne3 Rxe3 55. Kxe3 b3 56. Kd3 b2 57. Kc2 Ke5 58. Kxb2 Kf4 59. Kc3 Kxf3 60. Kd4 Kf4 61. Kd5 h5 62. Ke6 Kxe4 63. Kxf6 Kf4 64. Kxg6 h4 65. Kf6 Kg3 66. Kf5 Kxh3 67. Kf4 Kg2 0-1